000
00302nam a22001337a 4500
003
SGT
082
_a
617.7
_b
C12G
100
_a
GARG, SUNIR
245
_a
COLOR ATLAS & SYNOPSIS OF CLINICAL OPHTHALMOLOGY
260
_a
INDIA
_b
LWW
_c
2012
300
_a
318
650
_a
OPHTHALMOLOGY
942
_2
ddc
_c
BK
999
_c
14637
_d
14637